000
00351pam a2200157a 44500
008
230515b1976 xxu||||| |||| 00| 0 eng d
020
_a
NULL
041
_a
ENGLISH
082
_a
630
100
_a
4604-1975
245
_a
PATTERNS PLANTS FOR MACHINE MOLDINGS BOXES
250
_a
0
260
_a
DELHI
_b
ISI
_c
1976
300
_a
14
650
_a
NULL
999
_c
651897
_d
651897